npj Biomedical Innovations (Запис № 577274)

МАРК-запис
000 -LEADER
fixed length control field 02978nas a22002535i 4500
001 - CONTROL NUMBER
control field 3005-1444
003 - CONTROL NUMBER IDENTIFIER
control field DE-He213
005 - DATE AND TIME OF LATEST TRANSACTION
control field 20260304140609.0
007 - PHYSICAL DESCRIPTION FIXED FIELD--GENERAL INFORMATION
fixed length control field cr nn 008mamaa
008 - FIXED-LENGTH DATA ELEMENTS--GENERAL INFORMATION
fixed length control field 240321s||||||||xxkuu poo|||||| b|EN |d
022 ## - INTERNATIONAL STANDARD SERIAL NUMBER
International Standard Serial Number 3005-1444
024 7# - OTHER STANDARD IDENTIFIER
Standard number or code 44385
Source of number or code local
210 10 - ABBREVIATED TITLE
Abbreviated title npj Biomed. Innov.
245 10 - TITLE STATEMENT
Title npj Biomedical Innovations
Medium [electronic resource] /
Statement of responsibility, etc edited by Janet Zoldan.
264 #1 -
-- London :
-- Nature Publishing Group UK :
-- Imprint: Nature Portfolio.
300 ## - PHYSICAL DESCRIPTION
Other physical details online resource.
520 ## - SUMMARY, ETC.
Summary, etc npj Biomedical Innovations considers all aspects of basic science as well as translational and clinical applications of biomedical engineering research. We encourage contributions that focus on in vitro models that advance the understanding of biological systems, improve medical diagnostics and treatment modalities, and drive innovation in healthcare technologies. The journal covers a broad range of topics including but not limited to: Cell and tissue engineering, including stem cell research and organ in a chip and tissue engineering for organ regeneration Translational biomedical research on women’s health, including bridging the gap between laboratory research and clinical applications, and developing new in vitro models Biomechanics and biomaterials, including mechanics of biological systems and tissues, and the development and characterization of biomaterials for medical applications Medical devices and technologies, including their design and development and wearable technologies for healthcare Biomedical robotics and rehabilitation technologies, including surgical robotics and automation in healthcare and assistive devices for rehabilitation Biomedical imaging and artificial intelligence, including medical imaging technologies (MRI, CT, PET, ultrasound, etc.), and contrast agents and AI modeling of biomedical data Immunoengineering approaches to modulate and enhance the immune system and immunotherapies and vaccines Drug delivery, including innovative drug delivery systems and nanotechnology for targeted drug delivery Biomedical data analytics and informatics, including big data analytics in healthcare and healthcare information systems and data security The journal offers more choice to Nature Portfolio authors who are seeking a fully open-access and more inclusive platform for publishing their work. The journal is led by biomedical engineering experts who collaborate to cultivate high-quality research. As part of the npj Series, this journal focuses on fostering global partnerships with the research community and other Springer Nature journals.
650 #0 - SUBJECT ADDED ENTRY--TOPICAL TERM
Topical term or geographic name as entry element Biomedical engineering.
9 (RLIN) 672
650 14 - SUBJECT ADDED ENTRY--TOPICAL TERM
Topical term or geographic name as entry element Biomedical Engineering and Bioengineering.
9 (RLIN) 675
700 1# - ADDED ENTRY--PERSONAL NAME
Personal name Zoldan, Janet.
Relator term editor.
Relator code edt
-- http://id.loc.gov/vocabulary/relators/edt
9 (RLIN) 24050
710 2# - ADDED ENTRY--CORPORATE NAME
Corporate name or jurisdiction name as entry element SpringerLink (Online service)
856 40 - ELECTRONIC LOCATION AND ACCESS
Uniform Resource Identifier <a href="https://www.nature.com/npjbiomedinnov">https://www.nature.com/npjbiomedinnov</a>
Public note Open Access

Немає доступних примірників.